Namenszusätze aller Länder der Welt - schwere Version - Statistiken

Allgemein
  • Dieses Quiz wurde 8 mal gespielt
  • Das Durchschnittsergebnis liegt bei 65 aus 199
Antwortstatistiken
Hinweis Antwort Land % Korrekt
Bundesrepublik Deutschland
71%
Dominikanische Republik
57%
Französische Republik
57%
Tschechische Republik
57%
Volksrepublik China
57%
Demokratische Republik Kongo
43%
Vereinigte Arabische Emirate
43%
Fürstentum Andorra
43%
Fürstentum Liechtenstein
43%
Königreich Belgien
43%
Königreich Dänemark
43%
Republik Albanien
43%
Argentinische Republik
43%
Republik Bulgarien
43%
Republik China (Taiwan)
43%
Republik Ecuador
43%
Republik El Salvador
43%
Republik Côte d’Ivoire
43%
Republik Estland
43%
Republik Finnland
43%
Gabunische Republik
43%
Republik Gambia
43%
Republik Ghana
43%
Hellenische Republik
43%
Republik Guatemala
43%
Republik Guinea
43%
Republik Guinea-Bissau
43%
Republik Haiti
43%
Republik Honduras
43%
Republik Indien
43%
Republik Indonesien
43%
Republik Irak
43%
Italienische Republik
43%
Republik Jemen
43%
Republik Kamerun
43%
Republik Cabo Verde
43%
Republik Kasachstan
43%
Republik Kenia
43%
Kirgisische Republik
43%
Republik Kiribati
43%
Republik Kolumbien
43%
Republik Kongo
43%
Republik Korea
43%
Republik Kosovo
43%
Republik Kroatien
43%
Republik Kuba
43%
Republik Lettland
43%
Libanesische Republik
43%
Republik Liberia
43%
Republik Litauen
43%
Republik Madagaskar
43%
Republik Malawi
43%
Republik Malediven
43%
Republik Mali
43%
Republik Malta
43%
Republik Marshallinseln
43%
Republik Mauritius
43%
Republik Moldau
43%
Republik Mosambik
43%
Republik Namibia
43%
Republik Nauru
43%
Republik Nicaragua
43%
Republik Niger
43%
Republik Nordmazedonien
43%
Republik Österreich
43%
Republik Palau
43%
Republik Panama
43%
Republik Paraguay
43%
Republik Peru
43%
Republik Polen
43%
Portugiesische Republik
43%
Republik Ruanda
43%
Republik Sambia
43%
Republik San Marino
43%
Republik Senegal
43%
Republik Serbien
43%
Republik Seychellen
43%
Republik Sierra Leone
43%
Republik Simbabwe
43%
Republik Singapur
43%
Slowakische Republik
43%
Republik Slowenien
43%
Republik Südafriak
43%
Republik Sudan
43%
Republik Südsudan
43%
Republik Suriname
43%
Republik Tadschikistan
43%
Republik Togo
43%
Republik Trinidad und Tobago
43%
Republik Tschad
43%
Tunesische Republik
43%
Republik Türkei
43%
Republik Uganda
43%
Republik Usbekistan
43%
Republik Vanuatu
43%
Zentralafrikanische Republik
43%
Republik Zypern
43%
Vereinigtes Königreich Großbritannien
43%
Bundesrepublik Nigeria
29%
Schweizerische Eidgenossenschaft
29%
Fürstentum Monaco
29%
Großherzogtum Luxemburg
29%
Islamische Republik Iran
29%
Islamische Republik Pakistan
29%
Königreich Bahrein
29%
Königreich Bhutan
29%
Königreich Eswatini
29%
Königreich Kambodscha
29%
Königreich Lesotho
29%
Königreich Marokko
29%
Königreich Norwegen
29%
Königreich Schweden
29%
Königreich Spanien
29%
Königreich Thailand
29%
Königreich Tonga
29%
Königreich der Niederlande
29%
Republik Angola
29%
Republik Äquatorialguinea
29%
Republik Armenien
29%
Republik Aserbaidschan
29%
Republik Belarus
29%
Republik Benin
29%
Republik Botsuana
29%
Republik Burundi
29%
Republik Chile
29%
Republik Costa Rica
29%
Republik Dschibuti
29%
Republik Fidschi
29%
Staat Kuwait
29%
X Antigua und Barbuda
29%
X Australien
29%
X Barbados
29%
X Belize
29%
X Bosnien und Herzegowina
29%
X Burkina Faso
29%
X Cookinseln
29%
X Georgien
29%
X Grenada
29%
X Irland
29%
X Island
29%
X Jamaika
29%
X Japan
29%
X Kanada
29%
X Malaysia
29%
X Mongolei
29%
X Montenegro
29%
X Nepal
29%
X Neuseeland
29%
X Niue
29%
X Rumänien
29%
X Salomonen
29%
X St. Lucia
29%
X St. Vincent und die Grenadinen
29%
X Turkmenistan
29%
X Tuvalu
29%
X Ukraine
29%
X Ungarn
29%
Arabische Republik Ägypten
14%
Arabische Republik Syrien
14%
Bundesrepublik Somalia
14%
Commonwealth Dominica
14%
Commonwealth der Bahamas
14%
Brunei Darussalam
14%
Demokratische Bundesrepublik Äthiopien
14%
Demokratische Republik Timor-Leste
14%
Demokratische Republik São Tóme und Príncipe
14%
Demokratische Sozialistische Republik Sri Lanka
14%
Demokratische Volksrepublik Algerien
14%
Demokratische Volksrepublik Korea
14%
Russische Föderation
14%
Föderative Republik Brasilien
14%
Föderierte Staaten von Mikronesien
14%
Haschemitisches Königreich Jordanien
14%
Islamische Republik Mauretanien
14%
Islamisches Emirat Afghanistan
14%
Königreich Saudi-Arabien
14%
Kooperative Republik Guyana
14%
Plurinationaler Staat Bolivien
14%
Republik der Philippinen
14%
Republik der Union Myanmar
14%
Sozialistische Republik Vietnam
14%
Staat Eritrea
14%
Staat Israel
14%
Staat Katar
14%
Staat Libyen
14%
Staat Palästina
14%
Staat Vatikanstadt
14%
Vereinigte Mexikanische Staaten
14%
Sultanat Oman
14%
Unabhängiger Staat Papua-Neuguinea
14%
Unabhängiger Staat Samoa
14%
Union der Komoren
14%
Vereinigte Republik Tansania
14%
Vereinigte Staaten von Amerika
14%
Boliviarische Republik Venezuela
0%
Demokratische Volksrepublik Laos
0%
Föderation St. Kitts und Nevis
0%
Republik Östlich des Uruguay
0%
Volkrepublik Bangladesch
0%
Keine übereinstimmenden Quizze gefunden
Verteilung der Resultate
Anzahl Personen mit jedem Resultat
Perzentil nach korrekt beantworteten Fragen
Ihre Resultats-Entwicklung
Sie haben dieses Quiz noch nicht gespielt